100 Biggest Cities in the Netherlands at Formal Independence (1648) - Statistics

General Stats
  • This quiz has been taken 1,145 times
    522 since last reset
  • The average score is 35 of 100
Answers on the Map
Answers color-coded by a green-red scale on the quiz's map according to % correct below.
 
Answer Stats
Population City % Correct
175,000 Amsterdam
99%
30,000 Rotterdam
97%
18,000 ’s Graven-Hage (The Hague)
96%
31,000 Utregt (Utrecht)
94%
20,000 Groeningen (Groningen)
88%
1,700 Eynhove (Eindhoven)
79%
38,000 Haerlem (Haarlem)
78%
18,000 Maestrigt (Maastricht)
78%
67,000 Leyden (Leiden)
71%
8,000 Breda
69%
11,000 Zwolle
68%
16,000 Leeuwaerden (Leeuwarden)
65%
8,100 Nimmegen (Nijmegen)
65%
6,000 Tilborgh (Tilburg)
65%
30,000 Middelburgh (Middelburg)
64%
6,000 Aernhem (Arnhem)
63%
15,000 Alkmaer (Alkmaar)
63%
15,000 ’s-Hertogenbosch (Den Bosch)
63%
24,000 Delff (Delft)
60%
20,000 Dordregt (Dordrecht)
59%
9,000 Amersfoort
56%
15,000 Gouda
54%
16,000 Hoorn
51%
7,600 Deventer
49%
6,000 Vlissingen
49%
4,700 Bergen op Zoom
46%
4,300 Sneek
45%
1,200 Almeloo (Almelo)
42%
4,000 Oostzaandam
42%
2,000 Westzaandam
42%
22,000 Enckhuysen (Enkhuizen)
40%
2,500 Rosedael (Roosendaal)
40%
8,000 Campen (Kampen)
39%
8,800 Harlingen
39%
3,800 Ter Goes (Goes)
38%
1,200 Schevelinge (Scheveningen)
37%
5,000 Zutphen
36%
4,000 Edam
34%
3,300 Purmerent (Purmerend)
34%
3,000 Harderwyck (Harderwijk)
33%
1,500 Osch (Oss)
33%
7,000 Schiedam
33%
9,300 Gorcum (Gorinchem)
31%
3,500 Franeker
30%
2,600 Helmont (Helmond)
30%
3,000 Vlaerdingen (Vlaardingen)
30%
3,200 Dockum (Dokkum)
29%
1,100 Dotekom (Doetinchem)
29%
1,200 Meppel
28%
3,000 Winterswyck (Winterswijk)
28%
2,300 Tiel
27%
2,800 Naerden (Naarden)
25%
2,200 Noortwyck op Zee (Noordwijk)
25%
2,000 Sluys (Sluis)
25%
3,900 Woerden
25%
1,600 Oldenzael (Oldenzaal)
24%
10,000 Zircxzee (Zierikzee)
24%
1,200 Steenwyck (Steenwijk)
23%
1,500 Beverwyck (Beverwijk)
22%
5,000 Briele (Brielle)
22%
1,200 Hulst
22%
3,600 Maessluys (Maassluis)
22%
1,400 Staveren (Stavoren)
22%
4,500 Medenblick (Medemblik)
21%
1,400 Nieukerken (Nijkerk)
21%
1,500 Dam (Appingedam)
20%
4,000 Oosterhout
20%
2,400 Weesp
20%
2,200 Bolswaert (Bolsward)
19%
3,000 Cuylenburgh (Culemborg)
19%
5,800 Momickedam (Monnickendam)
19%
2,000 Schagen
19%
2,300 Wyck te Duyrstede (Wijk bij Duurstede)
19%
3,000 Der Vere (Veere)
18%
1,100 Elburg
18%
2,000 Hindelope (Hindeloopen)
18%
1,500 Tolen (Tholen)
18%
3,200 Doesburch (Doesburg)
17%
1,200 Rheenen (Rhenen)
17%
2,700 Salt-Boemel (Zaltbommel)
17%
3,200 Aelsmeer (Aalsmeer)
16%
2,500 Ysselstein (IJsselstein)
16%
1,500 Vianen
15%
1,400 Grol (Groenlo)
13%
1,200 Lingen
13%
1,500 Oosterwyck (Oisterwijk)
13%
5,300 Oost-Zane (Oostzaan)
13%
2,000 Wormer
13%
2,700 Oudewater
12%
3,400 Schoonhoven
11%
2,500 Worcum (Workum)
11%
1,900 Sint-Geertruydenberg (Geertruidenberg)
10%
2,500 Delfshaven
9%
2,000 Grave
9%
3,200 Heusden
9%
1,100 Hasselt
8%
3,000 West-Zane (Westzaan)
7%
1,100 Brouwershaven
6%
2,300 Sint-Odenroy (Sint-Oedenrode)
6%
1,200 Haestregt (Haastrecht)
4%
No matching quizzes found
Score Distribution
Percent of People with Each Score
Percentile by Number Answered
Your Score History
You have not taken this quiz since the last reset